000
00323nam a22001337a 4500
008
180131b xxu||||| |||| 00| 0 eng d
020
_a
9780801880100
041
_a
eng
080
_a
821
100
_a
21
101
_a
GJL
245
_a
The Johns Hopkins Guide to Literary Theory & Criticism
_c
Groden, M
942
_2
udc
_c
BK
999
_c
41312
_d
41312